000 00653nam a2200277Ia 4500
005 20260324133345.0
008 008 260324s9999 xx 000 0 eng d
020 _a9781315888910
037 _aEBOOK
040 _aCRL
040 _beng
040 _cCRL
041 _2eng
041 _aeng
084 _qCRL
100 _aEdward Fitzgerald; Franz Mehring
_91192790
245 0 _aKarl Marx: The Story of His Life
260 _bTaylor and Francis
260 _c2003
365 _a
365 _b510
856 _uhttp://www.taylorfrancis.com/books/9781315888910
942 _cEBOOK
999 _c1791738
_d1791738